【常用漢字】木偏 - Statistics

General Stats
  • This quiz has been taken 87 times
  • The average score is 19 of 61
Answer Stats
解答 読み方 % Correct
リン,はやし,おおい
89%
ショウ,まつ
72%
ソン,むら
71%
バイ,うめ
64%
サン,すぎ
63%
キ,つくえ
58%
キ,はた,からくり,きざし,はずみ,おり
58%
キョウ,はし
53%
ハン,バン,いた
51%
オウ,さくら
51%
コウ,キョウ,くらべる,かんがえる,かせ,あぜ
51%
シ,えだ
50%
ジュ,き,うえる,たてる
49%
コン,ね
47%
サツ,ふだ,さね,わかじに
46%
ザイ,サイ,まるた
46%
カイ,からくり,かせ
46%
41%
チュウ,はしら
38%
トウ,もも
33%
ボウ,ホウ
33%
オウ,コウ,よこ,よこたわる
33%
ホウ,たな
30%
コウ,かまえる,かまう
30%
シ,かき
29%
カク,コウ,キャク,ゴウ,いたる,ただす,うつ
29%
トウ,むね,むな,かしら
29%
ヨウ,さま
28%
マイ,バイ,ひら
26%
コ,かれる,からす,からびる
26%
とち
26%
ショク,チ,うえる,うわる,たてる
26%
ヒョウ,しるし,しるべ,しめ,しるす,こずえ
25%
ボク,ハク,すなお,ほお
24%
シュ,かぶ
22%
ケン,しらべる,あらためる
22%
ツイ,スイ,しい,つち,せぼね,うつ
22%
キ,ゴ
21%
ラン,わく,てすり,おばしま,おり
21%
セキ,さく,わける,わかれる
20%
リュウ,やなぎ
20%
わく
18%
サク,やらい,しがらみ,とりで
18%
コウ,けた
18%
ケン,ゴン,いきおい,おもり,はかる,かり
18%
カク,さね
17%
モ,ボ,かた,のっとる
17%
ハイ,さかずき
16%
ヘイ,がら,え,つか,いきおい
16%
サン,かけはし,たな
16%
コウ,キョウ,おおむね,ふさがる,かたい,つよい,でく
16%
キュウ,くちる,すたれる
14%
チン,シン,まくら
14%
カン,ひつぎ
13%
キョク,ゴク,きわめる,きわまる,きわみ,きめる,きまる
13%
カイ,のり,のっとる
13%
ガイ,カイ,おおむね
13%
ソウ,かいばおけ,おけ,ふね
13%
スウ,とぼそ,かなめ
12%
セン
12%
ロウ,たかどの,やぐら
11%
No matching quizzes found
Score Distribution
Percent of People with Each Score
Percentile by Number Answered
Your Score History
You have not taken this quiz